| 000 | 00510cam a22001812a 4500 | ||
|---|---|---|---|
| 001 | 009686 | ||
| 003 | AR-FADEU | ||
| 008 | 311216n1986####xxu####################dd | ||
| 092 |
_a425.2 _bR124t |
||
| 100 | _aRadford, Andrew | ||
| 245 | _aTransformational syntax : a student's guide to Chomsky's extended standard theory | ||
| 260 | _aCambridge | ||
| 260 | _bCambridge University | ||
| 260 | _c1986 | ||
| 300 | _a402 p | ||
| 650 | _a/LINGUISTICA/SINTAXIS; GRAMATICA GENERATIVA/REVISADO/ | ||
| 942 | _cBDGR | ||
| 999 |
_c15482 _d15482 |
||